Grammatica latina 2

Gorde:
Xehetasun bibliografikoak
Egile nagusia: Campos Vargas, Henry
Formatua: Liburua
Hizkuntza:Undetermined
Argitaratua: San José, Costa Rica Editorial Universidad de Costa Rica 2014
Gaiak:
Etiketak: Etiketa erantsi
Etiketarik gabe, Izan zaitez lehena erregistro honi etiketa jartzen!

MARC

LEADER 00000nam a2200000Ia 4500
008 170316s9999 xx 000 0 und d
999 |c 19620  |d 19620 
040 |a cru BVZT 
090 |a 415-L C-2g v.2 
100 |a Campos Vargas, Henry 
245 |a Grammatica latina 2 
260 |a San José, Costa Rica 
260 |b Editorial Universidad de Costa Rica 
260 |c 2014 
300 |a 213 páginas 
650 |a GRAMÁTICA LATINA 
650 |a LATÍN - GRAMÁTICA 
650 |a EN IDIOMA LATÍN 
650 |a ENSEÑANZA DEL LATÍN 
942 |c 4 D  |h 415-L C-2g v.2  |2 z